Mediterranean Islands larger than 200 km2 with a Map - Statistics

General Stats
  • This quiz has been taken 877 times
  • The average score is 17 of 36
Answers on the Map
Answers color-coded by a green-red scale on the quiz's map according to % correct below.
 
Answer Stats
# Island % Correct
3 Cyprus
99%
1 Sicily
98%
2 Sardinia
97%
4 Corsica
96%
5 Crete
96%
7 Majorca
90%
34 Malta
89%
14 Ibiza
85%
12 Menorca
84%
9 Rhodes
83%
8 Lesbos
76%
13 Corfu
64%
6 Euboea
56%
35 Elba
48%
20 Krk
48%
10 Chios
41%
18 Naxos
41%
28 Kos
39%
11 Kefalonia
38%
19 Zakynthos
38%
15 Djerba
35%
17 Samos
35%
16 Lemnos
33%
23 Andros
24%
25 Lefkada
22%
20 Cres
21%
27 Hvar
21%
24 Thasos
21%
26 Karpathos
19%
22 Brač
17%
32 Korčula
15%
36 Skyros
11%
33 Icaria
10%
29 Pag
10%
30 Imbros
9%
31 Cythera
5%
No matching quizzes found
Score Distribution
Percent of People with Each Score
Percentile by Number Answered
Your Score History
You have not taken this quiz